000 00426pab a2200181 454500
008 180718b2014 xxu||||| |||| 00| 0 eng d
100 _aSarmah, Etali
245 _aAccelerating rural employment generation
260 _c2014
300 _ap.16-19.
362 _aOct
650 _aRural development
650 _aEmployment
700 _aBordoloi, Bedanga
773 _aKurukshetra
908 _aN
909 _a105951
999 _c105946
_d105946